[Event "Vecindario Montalvo Memorial 16th"]
[Site "Vecindario"]
[Date "2024.03.28"]
[Round "6"]
[White "Ascension Suarez, Joel"]
[Black "Gonzalez Ortega, Jose Miguel"]
[Result "1-0"]
[WhiteElo "1731"]
[BlackElo "1858"]
[PlyCount "99"]
[EventDate "2024.03.23"]
[EventType "swiss"]
[EventRounds "9"]
[EventCountry "ESP"]
[SourceTitle "CB15_2024"]
[SourceDate "2024.04.10"]
[SourceVersion "1"]
[SourceVersionDate "2024.04.10"]
[SourceQuality "1"]

1. Nf3 Nf6 2. d4 d5 3. c4 e6 4. g3 c6 5. Bg2 Bd6 6. Nbd2 Nbd7 7. 0-0 0-0 8. b3 a5 9. a3 b5 10. c5 Bc7 11. Qc2 e5 12. e4 exd4 13. Nxd4 Be5 14. Nxc6 Qc7 15. Nxe5 Qxe5 16. Bb2 d4 17. f4 Qe6 18. Bxd4 Bb7 19. Rfe1 Qa6 20. Bf1 Qc6 21. a4 bxa4 22. bxa4 Ba6 23. Bxa6 Rxa6 24. Qc4 Re8 25. Qb5 Qc8 26. e5 Nh5 27. Ne4 Rd8 28. Nd6 Rxd6 29. cxd6 Nf8 30. Rac1 Qg4 31. Qe2 Qg6 32. Be3 Ne6 33. Qd2 Qg4 34. d7 Nf8 35. Rc7 g6 36. Bc5 Nxg3 37. hxg3 Qxg3+ 38. Kf1 Qf3+ 39. Bf2 Qh3+ 40. Kg1 Kg7 41. Qc3 Qe6 42. Rc6 Qg4+ 43. Kf1 Ne6 44. Rxe6 Qxe6 45. Rd1 h5 46. Rd6 Qf5 47. e6+ Kh7 48. Qd3 Qxd3+ 49. Rxd3 fxe6 50. Bb6 1-0

[Event "Canarias-ch Seniors"]
[Site "Brena Baja"]
[Date "2022.06.04"]
[Round "6"]
[White "Iglesias Dominguez, Jacinto"]
[Black "Gonzalez Ortega, Jose Miguel"]
[Result "0-1"]
[WhiteElo "1382"]
[BlackElo "1726"]
[PlyCount "121"]
[EventDate "2022.06.01"]
[EventType "swiss"]
[EventRounds "6"]
[EventCountry "ESP"]
[SourceTitle "CBM 208 Extra"]
[Source "ChessBase"]
[SourceDate "2022.07.31"]
[SourceVersion "1"]
[SourceVersionDate "2022.07.31"]
[SourceQuality "1"]

1. Nf3 Nf6 2. c4 c5 3. Nc3 e6 4. d3 b6 5. g3 Bb7 6. Bg2 Be7 7. 0-0 0-0 8. e4 d6 9. Re1 Nbd7 10. Be3 a6 11. Nd2 Qc7 12. f4 Rad8 13. Nf3 Qb8 14. Qc2 Ng4 15. Rad1 Nxe3 16. Rxe3 Qa8 17. Rf1 Bf6 18. a3 Bd4 19. Qe2 Nf6 20. h3 Rfe8 21. Nd1 Bxe3+ 22. Nxe3 b5 23. b3 Bc6 24. Qc2 bxc4 25. bxc4 Qc8 26. Ng5 h6 27. Nf3 Qd7 28. e5 Bxf3 29. Rxf3 Nh7 30. Ng4 h5 31. Nf2 dxe5 32. Ne4 exf4 33. gxf4 Qd4+ 34. Kh2 f5 35. Ng5 Nxg5 36. fxg5 Rb8 37. Rf2 h4 38. Qe2 g6 39. Qf3 Qd6+ 40. Kg1 Rb1+ 41. Rf1 Qd4+ 42. Kh1 Rxf1+ 43. Bxf1 Qd6 44. Qf2 Qg3 45. Qxc5 Rb8 46. Qd4 Qf3+ 47. Kg1 Qg3+ 48. Kh1 Qxg5 49. Qe5 Rb1 50. Qxe6+ Kg7 51. Qe5+ Kf7 52. Qc7+ Qe7 53. Qxe7+ Kxe7 54. Kg2 Ra1 55. Kf2 Rxa3 56. d4 a5 57. c5 a4 58. d5 Rc3 59. c6 Kd6 60. Bb5 a3 61. Bf1 0-1

[Event "Canarias-ch Seniors"]
[Site "Brena Baja"]
[Date "2022.06.03"]
[Round "4"]
[White "Perez Aleman, Pedro Tomas"]
[Black "Gonzalez Ortega, Jose Miguel"]
[Result "0-1"]
[WhiteElo "2047"]
[BlackElo "1726"]
[PlyCount "124"]
[EventDate "2022.06.01"]
[EventType "swiss"]
[EventRounds "6"]
[EventCountry "ESP"]
[SourceTitle "CBM 208 Extra"]
[Source "ChessBase"]
[SourceDate "2022.07.31"]
[SourceVersion "1"]
[SourceVersionDate "2022.07.31"]
[SourceQuality "1"]

1. Nf3 Nf6 2. c4 c5 3. d4 cxd4 4. Nxd4 Nc6 5. Nc3 e6 6. Ndb5 d6 7. Bf4 e5 8. Bg5 a6 9. Bxf6 gxf6 10. Na3 Be6 11. g3 h5 12. h4 f5 13. e3 Bg7 14. Be2 e4 15. Nc2 Ke7 16. 0-0 Bxc3 17. bxc3 Ne5 18. Rb1 Qc7 19. Nb4 Rab8 20. Nd5+ Bxd5 21. Qxd5 Qc6 22. Qd4 Qc5 23. Rb6 Nd7 24. Rb2 Qe5 25. Rd1 Nc5 26. Rbd2 Rbd8 27. Qxe5+ dxe5 28. Rxd8 Rxd8 29. Rxd8 Kxd8 30. Bxh5 Ke7 31. Bd1 Nd3 32. Kg2 b6 33. f3 exf3+ 34. Kxf3 e4+ 35. Kg2 Ne5 36. Be2 a5 37. Kf2 Kf6 38. Ke1 Ke6 39. Kd2 f6 40. Kc2 Kd6 41. Kb3 Nf7 42. Bf1 Nh6 43. Be2 Kc6 44. Bh5 Kd6 45. Be8 Ng4 46. h5 Kc5 47. Bd7 Nh6 48. Be6 Kd6 49. Bd5 Kc5 50. Ka4 Ng4 51. Bf7 Nh6 52. Be6 Kd6 53. Kb5 Kxe6 54. Kxb6 Ng4 55. c5 Nxe3 56. h6 Kf7 57. c6 Nd5+ 58. Kc5 Ne7 59. h7 Kg7 60. c7 e3 61. Kd6 Nc8+ 62. Kd7 Na7 0-1

[Event "Lanzarote-chT"]
[Site "Arrecife de Lanzarote"]
[Date "2021.07.03"]
[Round "2.2"]
[White "Morales Camacho, Julian"]
[Black "Gonzalez Ortega, Jose Miguel"]
[Result "1/2-1/2"]
[WhiteElo "2218"]
[BlackElo "1733"]
[PlyCount "118"]
[EventDate "2021.07.03"]
[EventType "team-tourn"]
[EventRounds "6"]
[EventCountry "ESP"]
[SourceTitle "EXT 2022"]
[Source "ChessBase"]
[SourceDate "2021.10.06"]
[SourceVersion "1"]
[SourceVersionDate "2021.10.06"]
[SourceQuality "1"]
[WhiteTeam "Lanzaloe"]
[BlackTeam "Tablero de Guanapay"]
[WhiteTeamCountry "ESP"]
[BlackTeamCountry "ESP"]

1. c4 c5 2. Nc3 Nf6 3. g3 Nc6 4. Bg2 e6 5. Nf3 Be7 6. d4 cxd4 7. Nxd4 a6 8. 0-0 0-0 9. e4 Qc7 10. Nde2 d6 11. b3 Rb8 12. Bb2 b6 13. Rc1 Qd8 14. Qd2 Bb7 15. Rfd1 Ba8 16. h3 Rc8 17. Ba3 d5 18. Bxe7 Nxe7 19. exd5 exd5 20. cxd5 Qd6 21. Nf4 Rfd8 22. Ne4 Nxe4 23. Bxe4 Rxc1 24. Qxc1 g6 25. Qc4 b5 26. Qd4 Nc6 27. dxc6 Qxd4 28. Rxd4 Rxd4 29. c7 Rd1+ 30. Kh2 Rc1 31. Bxa8 Rxc7 32. Be4 Rc1 33. b4 Rc4 34. Nd5 Kg7 35. Bf3 Rc2 36. Kg2 Rxa2 37. Nc7 a5 38. bxa5 Rxa5 39. Nd5 Ra4 40. Nc3 Rb4 41. Bd5 Rd4 42. Ba2 Rd2 43. Bb1 b4 44. Na4 Kf6 45. Kf3 Ke5 46. Ke3 Rd1 47. Bc2 Ra1 48. Nc5 Ra3+ 49. Nb3 Ra2 50. Kd3 f5 51. Nd2 Ra3+ 52. Bb3 Ra1 53. h4 h6 54. Nc4+ Kf6 55. Ne3 Rc1 56. Nd5+ Ke5 57. Nxb4 Rb1 58. Kc3 g5 59. hxg5 hxg5 1/2-1/2

[Event "Lanzarote op"]
[Site "Lanzarote"]
[Date "2019.06.28"]
[Round "7"]
[White "Abreu Suarez, Isauro"]
[Black "Gonzalez Ortega, Jose Miguel"]
[Result "1-0"]
[WhiteElo "1958"]
[BlackElo "1727"]
[PlyCount "55"]
[EventDate "2019.06.24"]
[EventType "swiss"]
[EventRounds "9"]
[EventCountry "ESP"]
[SourceTitle "CBM 191 Extra"]
[Source "ChessBase"]
[SourceDate "2019.09.30"]
[SourceVersion "1"]
[SourceVersionDate "2019.09.30"]
[SourceQuality "1"]

1. Nc3 d5 2. e4 Nf6 3. e5 d4 4. Nce2 Ng4 5. f4 d3 6. cxd3 Qxd3 7. Nf3 Nc6 8. Nc3 Qg6 9. d4 Bf5 10. Nh4 Qh5 11. Nxf5 Qxf5 12. d5 0-0-0 13. Bd3 Qh5 14. dxc6 e6 15. Qb3 Rxd3 16. Qxb7+ Kd8 17. Qb8+ Ke7 18. Qxc7+ Ke8 19. Qb8+ Rd8 20. c7 Rxb8 21. cxb8Q+ Kd7 22. Qb7+ Kd8 23. Be3 Nxe3 24. Qb8+ Kd7 25. Qxa7+ Kc6 26. Qxe3 Bc5 27. Qe4+ Kc7 28. Qc4 1-0

[Event "Lanzarote op"]
[Site "Lanzarote"]
[Date "2019.06.25"]
[Round "2"]
[White "Gonzalez Ortega, Jose Miguel"]
[Black "Machin Santiago, Mahey"]
[Result "1-0"]
[WhiteElo "1727"]
[BlackElo "1218"]
[PlyCount "83"]
[EventDate "2019.06.24"]
[EventType "swiss"]
[EventRounds "9"]
[EventCountry "ESP"]
[SourceTitle "CBM 191 Extra"]
[Source "ChessBase"]
[SourceDate "2019.09.30"]
[SourceVersion "1"]
[SourceVersionDate "2019.09.30"]
[SourceQuality "1"]

1. d4 d5 2. Bf4 Nf6 3. e3 Bf5 4. Bd3 Bxd3 5. Qxd3 Nc6 6. c3 a6 7. Nf3 e6 8. Nbd2 Bd6 9. Ne5 Bxe5 10. dxe5 Nd7 11. Nf3 h6 12. 0-0 g5 13. Bg3 g4 14. Bh4 Ndxe5 15. Nxe5 Nxe5 16. Qd4 Qxh4 17. Qxe5 0-0-0 18. Rfd1 Rhg8 19. Rd4 Qg5 20. Qxg5 Rxg5 21. Rad1 h5 22. Kf1 h4 23. Rf4 f5 24. Rfd4 c6 25. c4 Rh8 26. cxd5 exd5 27. Rf4 h3 28. g3 Re8 29. Rdd4 Kc7 30. Ke2 Kd6 31. b4 c5 32. bxc5+ Kxc5 33. f3 gxf3+ 34. Kxf3 Re4 35. Rh4 Rxd4 36. exd4+ Kc4 37. Ke3 Kc3 38. Rxh3 Rg4 39. Rh7 b5 40. Re7 Re4+ 41. Rxe4 dxe4 42. h4 1-0

[Event "Las Palmas Montalvo Memorial 12th"]
[Site "Las Palmas"]
[Date "2019.04.17"]
[Round "6"]
[White "Gonzalez Ortega, Jose Miguel"]
[Black "Hassomal Daswani, Birjkumar"]
[Result "0-1"]
[WhiteElo "1737"]
[BlackElo "2028"]
[PlyCount "114"]
[EventDate "2019.04.13"]
[EventType "swiss"]
[EventRounds "9"]
[EventCountry "ESP"]
[SourceTitle "CBM 189 Extra"]
[Source "ChessBase"]
[SourceDate "2019.06.03"]
[SourceVersion "1"]
[SourceVersionDate "2019.06.03"]
[SourceQuality "1"]

1. d4 Nf6 2. Nf3 d6 3. Bg5 Nbd7 4. e3 g6 5. Nbd2 Bg7 6. Be2 0-0 7. 0-0 h6 8. Bxf6 Nxf6 9. c3 c6 10. Qc2 d5 11. Bd3 Bg4 12. Ne5 e6 13. f3 Bf5 14. e4 dxe4 15. fxe4 Ng4 16. Nxg4 Bxg4 17. h3 Bh5 18. e5 c5 19. g4 Bxg4 20. hxg4 cxd4 21. Nf3 dxc3 22. bxc3 Rc8 23. a4 Qa5 24. c4 Bxe5 25. Bxg6 Bxa1 26. Rxa1 Qc5+ 27. Kg2 Qxc4 28. Qxc4 Rxc4 29. Bh5 Rd8 30. Ne5 Rd2+ 31. Kf3 Rc3+ 32. Ke4 f6 33. Nf7 Kg7 34. Rb1 b6 35. a5 Rc6 36. axb6 axb6 37. Ke3 Rd7 38. g5 hxg5 39. Nxg5 fxg5 40. Be8 Rc3+ 41. Ke4 Rd8 42. Bh5 Rh3 43. Be2 Rb8 44. Bb5 Kf6 45. Rf1+ Ke7 46. Rg1 Rh4+ 47. Ke3 Kf6 48. Rf1+ Ke5 49. Rg1 Rh3+ 50. Kf2 Kf4 51. Rb1 Rh2+ 52. Kg1 Rd2 53. Rb4+ Kg3 54. Rb3+ Kh4 55. Re3 Ra8 56. Rxe6 Ra1+ 57. Bf1 Rdd1 0-1

[Event "Canarias-chT"]
[Site "Vecindario"]
[Date "2018.06.03"]
[Round "6.4"]
[White "Marrero Rodriguez, Jorge"]
[Black "Gonzalez Ortega, Jose Miguel"]
[Result "1-0"]
[WhiteElo "1230"]
[BlackElo "1745"]
[PlyCount "99"]
[EventDate "2018.05.31"]
[EventType "team-swiss"]
[EventRounds "6"]
[EventCountry "ESP"]
[SourceTitle "EXT 2024"]
[Source "ChessBase"]
[SourceDate "2023.10.10"]
[SourceVersion "1"]
[SourceVersionDate "2023.10.10"]
[SourceQuality "1"]
[WhiteTeam "Panaderia Pulido San Mateo"]
[BlackTeam "Tablero de Guanapay"]
[WhiteTeamCountry "ESP"]
[BlackTeamCountry "ESP"]

1. e4 d6 2. d4 e5 3. Nf3 Nf6 4. Nc3 Bg4 5. dxe5 Bxf3 6. Qxf3 dxe5 7. Bd2 Bd6 8. 0-0-0 0-0 9. Be3 a6 10. g4 Qc8 11. Bh3 Qe8 12. g5 Nfd7 13. Bxd7 Nxd7 14. h4 Qe6 15. Qg2 f5 16. exf5 Qxf5 17. h5 Qf3 18. Qxf3 Rxf3 19. Ne4 Re8 20. Nxd6 cxd6 21. Rxd6 Nb8 22. Rb6 Rf7 23. g6 Rc7 24. gxh7+ Kxh7 25. h6 Nc6 26. hxg7+ Kxg7 27. Rb3 Kg6 28. Bb6 Rd7 29. Rf3 Kg7 30. Rg3+ Kf6 31. Be3 Rf7 32. Rf3+ Kg7 33. Bh6+ Kg6 34. Rg1+ Kxh6 35. Rxf7 Nd4 36. Re1 b5 37. c3 Kg6 38. Ra7 Nf3 39. Rxa6+ Kf5 40. Re3 e4 41. Ra5 Rb8 42. Rxf3+ exf3 43. a4 Ke4 44. Rxb5 Rg8 45. Kd2 Rd8+ 46. Kc2 Rg8 47. Rb4+ Ke5 48. Kd3 Kd5 49. Rd4+ Kc5 50. b4+ 1-0

[Event "Canarias-chT"]
[Site "Vecindario"]
[Date "2018.06.02"]
[Round "4.3"]
[White "Gonzalez Ortega, Jose Miguel"]
[Black "Salazar de la Cruz, Jose Maria"]
[Result "0-1"]
[WhiteElo "1745"]
[BlackElo "2056"]
[PlyCount "42"]
[EventDate "2018.05.31"]
[EventType "team-swiss"]
[EventRounds "6"]
[EventCountry "ESP"]
[SourceTitle "EXT 2019"]
[Source "ChessBase"]
[SourceDate "2018.10.10"]
[SourceVersion "1"]
[SourceVersionDate "2018.10.10"]
[SourceQuality "1"]
[WhiteTeam "Tablero de Guanapay"]
[BlackTeam "Guia"]
[WhiteTeamCountry "ESP"]
[BlackTeamCountry "ESP"]

1. d4 Nf6 2. Bf4 g6 3. e3 Bg7 4. Nf3 0-0 5. Be2 d6 6. h3 c5 7. c3 cxd4 8. exd4 Nc6 9. 0-0 Qb6 10. Qb3 Qc7 11. Nbd2 e5 12. dxe5 dxe5 13. Bg5 Be6 14. Qc2 Nd5 15. a3 h6 16. Bh4 f5 17. Bg3 f4 18. Bh2 g5 19. Bc4 Kh8 20. Rad1 Rad8 21. Qg6 Bf5 0-1

[Event "Canarias-chT"]
[Site "Vecindario"]
[Date "2018.05.31"]
[Round "1.4"]
[White "Gonzalez Ortega, Jose Miguel"]
[Black "Monteiro Rodrigues, Carlos"]
[Result "1/2-1/2"]
[WhiteElo "1745"]
[BlackElo "1388"]
[PlyCount "120"]
[EventDate "2018.05.31"]
[EventType "team-swiss"]
[EventRounds "6"]
[EventCountry "ESP"]
[SourceTitle "EXT 2019"]
[Source "ChessBase"]
[SourceDate "2018.10.10"]
[SourceVersion "1"]
[SourceVersionDate "2018.10.10"]
[SourceQuality "1"]
[WhiteTeam "Tablero de Guanapay"]
[BlackTeam "Mogan V"]
[WhiteTeamCountry "ESP"]
[BlackTeamCountry "ESP"]

1. c4 Nf6 2. Nc3 e5 3. d3 Bc5 4. Nf3 Ng4 5. e3 Nc6 6. Be2 0-0 7. 0-0 d6 8. a3 a6 9. h3 Nf6 10. b4 Ba7 11. Rb1 Re8 12. Nd2 Bf5 13. e4 Bc8 14. Nf3 h6 15. a4 Nd4 16. Nxd4 Bxd4 17. Qc2 Be6 18. Kh1 Qd7 19. Kh2 Rac8 20. b5 a5 21. f4 exf4 22. Bxf4 b6 23. Bf3 Qd8 24. Nd5 Nd7 25. Qd2 Be5 26. Bd1 Bxd5 27. cxd5 Bxf4+ 28. Qxf4 Nf6 29. Rc1 Qe7 30. Bg4 Nxg4+ 31. Qxg4 Rf8 32. Qf5 Rce8 33. Rc2 Qd8 34. Rcf2 Re7 35. Rf3 Re5 36. Qf4 Qe7 37. Rg3 Rg5 38. Rxg5 hxg5 39. Qf5 g6 40. Qf6 Qxf6 41. Rxf6 Kg7 42. Rf2 f6 43. Kg3 f5 44. Rc2 Rf7 45. exf5 gxf5 46. Rc1 Re7 47. Kf3 Kg6 48. Rc3 Kh5 49. g3 Kh6 50. Rc2 Kg6 51. h4 Kh5 52. hxg5 Kxg5 53. Rc3 Kf6 54. Rc1 Kg5 55. Rh1 Re5 56. Rh4 Re7 57. Rf4 Re1 58. Rh4 Re7 59. Rh8 Re5 60. Rc8 Rxd5 1/2-1/2

[Event "Arrecife de Lanzarote op"]
[Site "Arrecife de Lanzarote"]
[Date "2017.06.17"]
[Round "9"]
[White "Gonzalez Ortega, Jose Miguel"]
[Black "Sanchez Orozco, Edward Steven"]
[Result "1-0"]
[WhiteElo "1745"]
[BlackElo "1268"]
[PlyCount "143"]
[EventDate "2017.06.11"]
[EventType "swiss"]
[EventRounds "9"]
[EventCountry "ESP"]
[SourceTitle "EXT 2019"]
[Source "ChessBase"]
[SourceDate "2018.10.10"]
[SourceVersion "1"]
[SourceVersionDate "2018.10.10"]
[SourceQuality "1"]

1. Nf3 e6 2. d4 Nf6 3. Bg5 Be7 4. e3 d5 5. Bd3 Nbd7 6. Nbd2 c5 7. c3 h6 8. Bh4 b6 9. Qe2 Bb7 10. Bg3 0-0 11. h3 Re8 12. 0-0 Rc8 13. Rfe1 c4 14. Bc2 b5 15. a3 Ne4 16. Bh2 Ndf6 17. Ne5 a5 18. Bxe4 dxe4 19. Qf1 Bd6 20. f4 exf3 21. Ndxf3 Qc7 22. Ng4 Ne4 23. Bxd6 Nxd6 24. Nd2 Ne4 25. Nxe4 Bxe4 26. Qf4 Qxf4 27. exf4 Bd3 28. Nf2 Bf5 29. Re5 Rb8 30. g4 Bh7 31. Rae1 Kf8 32. Rc5 f6 33. Ne4 Bxe4 34. Rxe4 Re7 35. Kf2 a4 36. Kf3 g5 37. f5 exf5 38. Rxf5 Rb6 39. Rc5 Kf7 40. Rxe7+ Kxe7 41. Ke4 Re6+ 42. Kf5 Rb6 43. d5 Kd6 44. Rc6+ Rxc6 45. dxc6 Kxc6 46. Kxf6 Kd5 47. Kg6 Ke4 48. Kxh6 Kd3 49. Kxg5 Kc2 50. h4 Kxb2 51. h5 Kxa3 52. h6 Kb3 53. h7 a3 54. h8Q a2 55. Qb8 Kc2 56. Qa7 Kb2 57. Qc5 Kc2 58. Qa3 Kb1 59. Kf4 a1Q 60. Qxa1+ Kxa1 61. g5 Kb2 62. g6 Kxc3 63. g7 b4 64. g8Q b3 65. Ke3 b2 66. Qg7+ Kc2 67. Qg6+ Kc1 68. Qg1+ Kc2 69. Qf2+ Kb3 70. Qf1 c3 71. Kd3 Ka2 72. Kc2 1-0

[Event "Arrecife de Lanzarote op"]
[Site "Arrecife de Lanzarote"]
[Date "2017.06.15"]
[Round "8"]
[White "Alonso Valiente, Alexis"]
[Black "Gonzalez Ortega, Jose Miguel"]
[Result "1-0"]
[WhiteElo "1972"]
[BlackElo "1745"]
[PlyCount "85"]
[EventDate "2017.06.11"]
[EventType "swiss"]
[EventRounds "9"]
[EventCountry "ESP"]
[SourceTitle "EXT 2019"]
[Source "ChessBase"]
[SourceDate "2018.10.10"]
[SourceVersion "1"]
[SourceVersionDate "2018.10.10"]
[SourceQuality "1"]

1. d4 Nf6 2. Bf4 d6 3. Nf3 e6 4. e3 Be7 5. Bd3 Nbd7 6. Nbd2 b6 7. h3 Bb7 8. a4 c5 9. c3 h6 10. Qe2 cxd4 11. exd4 Rc8 12. a5 Nd5 13. Bg3 0-0 14. 0-0 Re8 15. axb6 axb6 16. Ra7 Ba8 17. Rfa1 N5f6 18. Ba6 Rc7 19. Bb5 Rxa7 20. Rxa7 Qb8 21. Rxd7 Nxd7 22. Bxd7 Rd8 23. Bb5 Qa7 24. Kh2 Bf6 25. Nc4 Bxf3 26. Qxf3 d5 27. Ne3 Qa1 28. Ng4 Be7 29. Ne5 Bf6 30. b3 Qc1 31. Ng4 Bg5 32. h4 Bd2 33. Ne5 f6 34. Nc6 Ra8 35. Qg4 Qe1 36. Ne7+ Kf7 37. Bd6 Qe4 38. Qg3 Qh7 39. Bd3 f5 40. Bb4 Ra7 41. Qd6 Qh8 42. Nc6 Ra8 43. Qe7+ 1-0

[Event "Canarias-chT"]
[Site "Arrecife de Lanzarote"]
[Date "2016.06.25"]
[Round "5.4"]
[White "Gonzalez Ortega, Jose Miguel"]
[Black "Rodriguez Miranda, Sergio"]
[Result "0-1"]
[WhiteElo "1821"]
[BlackElo "1827"]
[PlyCount "102"]
[EventDate "2016.06.23"]
[EventType "team-swiss"]
[EventRounds "6"]
[EventCountry "ESP"]
[SourceTitle "EXT 2021"]
[Source "ChessBase"]
[SourceDate "2020.10.23"]
[SourceVersion "1"]
[SourceVersionDate "2020.10.23"]
[SourceQuality "1"]
[WhiteTeam "El Tablero de Guanapay"]
[BlackTeam "Brenadrez"]
[WhiteTeamCountry "ESP"]
[BlackTeamCountry "ESP"]

1. d4 Nf6 2. Nf3 g6 3. Bf4 Bg7 4. e3 0-0 5. Be2 d6 6. 0-0 Nbd7 7. Nbd2 a6 8. a4 b6 9. b4 c5 10. bxc5 bxc5 11. c3 Nd5 12. Qc2 Nxf4 13. exf4 Qc7 14. Rfc1 Nb6 15. dxc5 Qxc5 16. a5 Nd5 17. Ne4 Qc7 18. Qd2 Bb7 19. Rab1 Rfc8 20. c4 Nf6 21. Nxf6+ Bxf6 22. Rb6 Be4 23. Ng5 Bxg5 24. fxg5 Qc5 25. Qe3 Qxe3 26. fxe3 Rc5 27. h4 Rxa5 28. Bf3 Re5 29. Kf2 a5 30. Rb5 Bxf3 31. Rxe5 dxe5 32. gxf3 Kf8 33. Ra1 Ke8 34. Ke2 Kd7 35. Kd3 Kc6 36. Ra4 f6 37. f4 Kd6 38. Ke4 f5+ 39. Kd3 exf4 40. exf4 e5 41. fxe5+ Kxe5 42. Ke3 Ra7 43. Kd3 f4 44. c5 Kd5 45. Rxf4 a4 46. Kc3 a3 47. Rf1 a2 48. Ra1 Kxc5 49. Kb2 Kb4 50. h5 gxh5 51. Rxa2 Rxa2+ 0-1

[Event "Canarias-ch Seniors"]
[Site "Vecindario"]
[Date "2016.05.30"]
[Round "6.1"]
[White "Morales Camacho, Julian"]
[Black "Gonzalez Ortega, Jose Miguel"]
[Result "1/2-1/2"]
[WhiteElo "2199"]
[BlackElo "1821"]
[PlyCount "22"]
[EventDate "2016.05.27"]
[EventType "swiss"]
[EventRounds "6"]
[EventCountry "ESP"]
[SourceTitle "EXT 2024"]
[Source "ChessBase"]
[SourceDate "2023.10.10"]
[SourceVersion "1"]
[SourceVersionDate "2023.10.10"]
[SourceQuality "1"]

1. d4 d5 2. c4 c6 3. cxd5 cxd5 4. Nc3 Nf6 5. Nf3 Nc6 6. Bf4 e6 7. e3 Bd6 8. Bxd6 Qxd6 9. Bd3 0-0 10. 0-0 Re8 11. Rc1 a6 1/2-1/2

[Event "Canarias-ch Seniors"]
[Site "Vecindario"]
[Date "2016.05.29"]
[Round "4.3"]
[White "Diaz Mendoza, Eladio"]
[Black "Gonzalez Ortega, Jose Miguel"]
[Result "1-0"]
[WhiteElo "1576"]
[BlackElo "1821"]
[PlyCount "178"]
[EventDate "2016.05.27"]
[EventType "swiss"]
[EventRounds "6"]
[EventCountry "ESP"]
[SourceTitle "EXT 2024"]
[Source "ChessBase"]
[SourceDate "2023.10.10"]
[SourceVersion "1"]
[SourceVersionDate "2023.10.10"]
[SourceQuality "1"]

1. e4 d6 2. d4 g6 3. Bd3 Bg7 4. c3 Nd7 5. Be3 a6 6. f4 e5 7. Nf3 Nh6 8. h3 b5 9. fxe5 dxe5 10. d5 0-0 11. 0-0 f5 12. b3 fxe4 13. Bxe4 Nf5 14. Bf2 Nd6 15. Qd3 Nf6 16. Nbd2 Nfxe4 17. Nxe4 Bf5 18. Nfd2 Bh6 19. Be3 Bf4 20. Bxf4 exf4 21. Rxf4 Re8 22. Re1 Qe7 23. Qd4 Rf8 24. g4 Bxe4 25. Rxf8+ Rxf8 26. Nxe4 Nxe4 27. Qxe4 Qc5+ 28. Re3 Qa3 29. Qe6+ Kh8 30. Qe5+ Kg8 31. Re2 Qc1+ 32. Kh2 Qf1 33. Rg2 Rf2 34. Qe8+ Rf8 35. Qe6+ Kh8 36. Qe5+ Kg8 37. Qxc7 Rf2 38. Qd8+ Kg7 39. Qe7+ Rf7 40. Qe5+ Kg8 41. d6 Rf2 42. Qd5+ Kf8 43. d7 Rxg2+ 44. Qxg2 Qf4+ 45. Kg1 Ke7 46. Qc6 Qg3+ 47. Kf1 Qxh3+ 48. Ke1 Qg3+ 49. Kd2 Qxg4 50. d8Q+ Kxd8 51. Qf6+ Kc7 52. Qe5+ Kc8 53. Qc5+ Kd8 54. Qf8+ Kc7 55. Qc5+ Kb7 56. Qd5+ Kb6 57. Qd6+ Kb7 58. Qd5+ Kc8 59. Qc6+ Kd8 60. Qf6+ Ke8 61. Qh8+ Kf7 62. Qxh7+ Kf6 63. Qh8+ Kg5 64. Qd8+ Kf4 65. Qd6+ Kf3 66. Qxa6 Qf4+ 67. Kc2 g5 68. a4 bxa4 69. bxa4 g4 70. Qf1+ Ke4 71. Qe2+ Kd5 72. a5 Kc6 73. Qa6+ Kd7 74. Qb7+ Kd8 75. a6 Qf2+ 76. Kb3 Qf1 77. Qd5+ Kc7 78. Qa5+ Kc6 79. Qa4+ Kb6 80. Qxg4 Qb1+ 81. Kc4 Qb5+ 82. Kd4 Qc5+ 83. Kd3 Qd5+ 84. Qd4+ Qxd4+ 85. Kxd4 Kxa6 86. Kd5 Kb7 87. Kd6 Kc8 88. c4 Kd8 89. c5 Kc8 1-0

[Event "Canarias-ch Seniors"]
[Site "Vecindario"]
[Date "2016.05.28"]
[Round "2.3"]
[White "Sanchez Quintero, Raul"]
[Black "Gonzalez Ortega, Jose Miguel"]
[Result "1-0"]
[WhiteElo "1972"]
[BlackElo "1821"]
[PlyCount "69"]
[EventDate "2016.05.27"]
[EventType "swiss"]
[EventRounds "6"]
[EventCountry "ESP"]
[SourceTitle "EXT 2024"]
[Source "ChessBase"]
[SourceDate "2023.10.10"]
[SourceVersion "1"]
[SourceVersionDate "2023.10.10"]
[SourceQuality "1"]

1. e4 g6 2. d4 Bg7 3. Nc3 c6 4. Nf3 d6 5. Be2 Nf6 6. 0-0 0-0 7. Re1 Nbd7 8. h3 Qc7 9. Be3 a6 10. Qd2 b5 11. a3 Bb7 12. Bf1 c5 13. Bh6 cxd4 14. Nxd4 Ne5 15. Bxg7 Kxg7 16. b3 Rac8 17. Re3 e6 18. Rd1 Rfd8 19. Qe1 Qb6 20. Nf3 b4 21. Na4 Qc6 22. Nd4 Qc7 23. axb4 Nc6 24. c4 Nxd4 25. Rxd4 d5 26. exd5 exd5 27. Re7 Rd7 28. Rxd7 Nxd7 29. cxd5 Qd6 30. Bc4 Nf6 31. Nc5 Re8 32. Qa1 Qb6 33. Rf4 Bc8 34. Ne6+ Bxe6 35. Qxf6+ 1-0